000 00804nam a2200289Ia 4500
008 170203s9999 xx 000 0 und d
020 _a0 753405660 (set)
050 _a0 30
050 _bGs875h 2000
245 4 _aThe Grolier science encyclopedia /
245 _cgeneral editor, Charles Taylor.
260 _aDanbury, Connecticut :
260 _bGrolier.
260 _c2003
300 _avolumes :
300 _bcolor illustrations ;
300 _c28 cm.
440 _vvol. 3
500 _aOriginally published: London : Kingfisher, 2000.
650 _aEncyclopedias and dictionaries.
650 _aScience --
650 _aScience --
650 _xEncyclopedias, Juvenile.
650 _xEncyclopedias.
700 _aHuman biology, Content.
700 _aTaylor, Charles.
999 _c305770
_d305770